• 首页
  • 本馆介绍
  • 公告通知
  • 最新文献
  • 馆藏检索
  • 电子资源
  • 读者导购
  • 参考咨询
  • 我的图书馆
  • 登录
  • 详细信息显示
  • 放入我的书架
  • 预约/预借图书
  • 作者相关作品
  • 分类相关作品
  • 丛书相关作品
  • 出版社相关作品

书目信息

  • 表格格式
  • 工作单格式
  • 卡片格式
题名:
汉魏六朝赋选
    
 
作者: 瞿蜕园选 注
分册:  
出版信息: 上海   上海古籍出版社  1979.3
页数: 244页
开本: 20cm
丛书名:
单 册:
中图分类: I222.4
科图分类:
主题词: 赋 , 赋比兴 , 汉赋
电子资源:
ISBN:
000 00559nam0 2200217 45
001 0312221749
005 20050406164040.5
010    @dCNY0.90
100    @a20031222d1979 km y0chiy0120 ea
101    @achi
105    @a z 000yy
200 1  @a汉魏六朝赋选@AHan Wei Liu Chao Fu Xuan@f瞿蜕园选注@FQu Tui Yuan Xuan Zhu
210    @a上海@c上海古籍出版社@d1979.3
215    @a244页@d20cm
606 0  @a赋
606 0  @a赋比兴
606 0  @a汉赋
690    @aI222.4@v3
701 0  @a瞿蜕园选@4注
801    @aCN@bTSTCL@c20031222
905    @dI222.4@e152@b14510@f1
    
    汉魏六朝赋选/瞿蜕园选注.-上海:上海古籍出版社,1979.3
    244页;20cm
    
    
    ISBN :CNY0.90
    
●
相关链接 在E读中查询图书 在五车中查询图书 在当当中查询图书 在豆瓣中查询图书


正题名:汉魏六朝赋选     索取号:I222.4/152         预约/预借

序号 登录号 条形码 馆藏地/架位号 状态 备注
1 0014510   002011441   第二借阅区/ [索取号:I222.4/152] 在馆    
2 0101773   000970248   密集书库/ [索取号:I222.4/152] 在馆    
3 0101774   000970168   密集书库/ [索取号:I222.4/152] 在馆    
4 0101775   001613070   密集书库/ [索取号:I222.4/152] 在馆    
5 0145655   001613105   密集书库/ [索取号:I222.4/152] 在馆    
6 0145656   001613114   密集书库/ [索取号:I222.4/152] 在馆    
7 0145657   001613123   密集书库/ [索取号:I222.4/152] 在馆    
8 0145658   001613132   密集书库/ [索取号:I222.4/152] 在馆    
9 0145659   001613141   密集书库/ [索取号:I222.4/152] 在馆    
10 0145660   001613150   密集书库/ [索取号:I222.4/152] 在馆    
11 0145661   000970195   密集书库/ [索取号:I222.4/152] 在馆    
12 0145662   001613098   密集书库/ [索取号:I222.4/152] 在馆    
13 0145663   001613089   密集书库/ [索取号:I222.4/152] 在馆    
14 0145664   000970239   密集书库/ [索取号:I222.4/152] 在馆    
15 0176878   001613061   密集书库/ [索取号:I222.4/152] 在馆    
16 0176879   000970202   第一样本阅览室/ [索取号:I222.4/152] 在馆    
唐山师范学院图书馆 欢迎您!
大连网信软件有限公司© 版权所有